000 01004nam a22002777a 4500
001 5100
003 FISKH
005 20241106095925.0
008 241106b cb ||||| |||| 00| 0 eng d
020 _a9780545622554
040 _aFISKH
_beng
_cFISKH
_dFISKH
050 _aE208.S49
082 _a973.3
100 _aSheinkin, Steve
245 _aKing George: What Was His Problem? :
_bThe Whole Hilarious Story of the American Revolution /
_cby Steve Sheinkin : illustrated by Tim Robinson
260 _aNew York :
_bScholastic ;
_c2005 .
300 _a195 pages :
_billustrations ;
_c22 cm .
505 _aV
520 _aWhat do the most famous traitor in history, hundreds of naked soldiers, and a salmon lunch have in common? They're all part of the amazing story of the American Revolution.
521 8 _a880
_bLexile
521 8 _aV
_bRaz-Plus
650 _aAmerican history
_vnon-fiction
700 _aRobinson, Tim
_eillustrator
942 _2ddc
_cBK
_n0
999 _c5100
_d5100